000 00596nam a22002177a 4500
003 UA-OsUOA
001 100995
007 ta
008 20130604b un ||||| |||| 00| 0 ukr d
090 _a821.162.4
_bЧ-75
942 _cBK
040 _aUA-OsUOA
_bukr
_cUA-OsUOA
_dUA-OsUOA
245 _aЧотирилисник на щастя
_cупоряд. Г. Сиваченко
300 _a310 с.
955 _a3
041 _aukr
080 _a821.162.4
260 _aК.
_bДніпро
_c1984
650 7 _a82 Література. Літературознавство
_2UDC
999 _c386991
_d386991